Popularne numery rap/trap tygodnia 26.02-04.03 Spotify. - Statystyki

Ogólne statystyki
  • Ten quiz został rozwiązany 8 razy
  • Średni wynik to 18 z 30
Statystyki odpowiedzi
Wykonawca Odsłuchania Utwór % Poprawnych
Young Leosia 856K Szklanki
100%
Guzior 643K BLUEBERRY
88%
Guzior, Oskar83 523K FALA
88%
Reto 371K Billy Kid
75%
Quebonafide, Daria Zawiałow 361K BUBBLETEA
75%
Alberto 370K Dwutakt
75%
Sobel 358K Impreza
75%
Kabe 360K Nad ranem
75%
Qry 320K Bierz do buzi
63%
White 2115 241K California
63%
Kizo, Trill Pem 428K Fitness
63%
Wac Toja 291K Kapitan
63%
Chivas, White 2115 413K Mam Na Twarzy Krew I Tym Razem Nie Jest Sztuczna
63%
Żabson 469K OBOK
63%
Bedoes, Lanek 338K TOA$T /
63%
Żabson, Young Leosia, Beteo, Borucci 229K ULALA
63%
Sobel 536K Alien
50%
SB Maffija 242K A nie pamiętasz jak?
50%
Bedoes, Lanek 284K Doda
50%
Białas, Mata 236K Drift
50%
Mata, Wyguś, Szczepan, Adam 251K GOMBAO 33
50%
Favst, Gibbs, Kukon 261K halo
50%
Sobel 345K Kinol
50%
Tymek, Kuba Karaś, Urbanski 256K Oczko w głowie
50%
Taco Hemingway 279K Polskie Tango
50%
Mata 258K Schodki
50%
Wiatr, Sobel, Be Vis 462K Testarossa
50%
Bedoes, Lanek 273K City Boy
25%
PRO8L3M 343K V
25%
PRO8L3M, Brodka 239K Żar
25%
Nie znaleziono quizów pasujących do podanych kryteriów
Rozkład punktacji
Procent ludzi z każdym wynikiem
Percentyl według liczby udzielonych odpowiedzi
Twoja historia wyników
Nie rozwiązałeś tego quizu